Prezydenci Polskich Miast - Statystyki

Ogólne statystyki
  • Ten quiz został rozwiązany 386 razy
  • Średni wynik to 4 z 10
Statystyki odpowiedzi
Lp. Miasto Komitet wyborczy Prezydent % Poprawnych
1. Warszawa Koalicja Obywatelska Rafał Trzaskowski
93%
2. Kraków Obywatelski Kraków Jacek Majchrowski
54%
3. Łódź Koalicja Obywatelska Hanna Zdanowska
50%
6. Gdańsk Wszystko dla Gdańska Aleksandra Dulkiewicz
47%
4. Wrocław Koalicja Obywatelska Jacek Sutryk
41%
5. Poznań Koalicja Obywatelska Jacek Jaśkowiak
39%
10. Białystok Koalicja Obywatelska Tadeusz Truskolaski
34%
9. Lublin Koalicja Obywatelska Krzysztof Żuk
29%
7. Szczecin Bezpartyjni Piotr Krzystek
15%
8. Bydgoszcz Koalicja Obywatelska Rafał Bruski
13%
Nie znaleziono quizów pasujących do podanych kryteriów
Rozkład punktacji
Procent ludzi z każdym wynikiem
Percentyl według liczby udzielonych odpowiedzi
Twoja historia wyników
Nie rozwiązałeś tego quizu